1403 1243 1431 1062 1951 1878 1326 1161 1341 1139 1112 1196 1652 1670 1768 1247 1783 1733 1593 1908 1062 1440 1937 1918 1968 1151 1141 1559 1422 1051 1598 1361 1789 1594 1889 1926 1288 1339 1968 1503 1315 1015 1002 1249 1804 1615 1599 1782 1070 1770 1879 1910 1060 1391 1506 1963 1548 1277 1553 1975 1828 1757 1566 1814 1915 1594 1278 1960 1753 1365 1243 1080 1306 1342 1885 1214 1907 1138 1510 1107 1536 1218 1205 1151 1528 1217 1846 1563 1655 1010 1222 1251 1197 1600 1342 1132 1409 1692 1529 BCNSPRNW ULIB Ver.6.0+V

เปลี่ยนเป็นภาษาไทย

Change to English
 แสดงรายละเอียดบรรณานุกรม
  กลับหน้าหลัก

Brief Record : Get Marc (ISO 2709) : E-mail record : QR code < ปิดหน้าต่าง
LEADER : 00000nam 2200000uu 4500
001    13399113029
003     ULIB
008    110922s2549||||th 000 0 tha d
020    9742943206
060 04 QS4^bค64ก 2549
100 0  คณาจารย์เครือข่ายการศึกษาพยาบาลและการสาธารณสุขภาคใต้ (SC-Net)
245 00 กายวิภาคศาสตร์ /^cคณาจารย์เครือข่ายการศึกษาพยาบาลและการสาธารณสุขภาคใต้ (SC-Net)
250    พิมพ์ครั้งที่ 3
260    นนทบุรี :^bโครงการสวัสดิการวิชาการ สถาบันพระบรมราชชนก,^c2549
300    443 หน้า :^bภาพประกอบ ;^c27 ซม.
650  7 กายวิภาคศาสตร์
700 0  คณาจารย์เครือข่ายการศึกษาพยาบาลและการสาธารณสุขภาคใต้ (SC-Net)
710 2  สถาบันพระบรมราชชนก. ^bโครงการสวัสดิการวิชาการ
945    ^p0^l0^i018814
945    ^p0^l0^i022197
995    ทศพร
999 ^a ทศพร
รายการนี้ยังไม่มีแท็ก
คุณยังไม่ได้ล็อกอิน คุณสามารถมีกิจกรรมร่วมกับเว็บไซต์ได้ แต่ต้องล็อกอินก่อน ::
  ล็อกอิน

รายการสื่อสารสนเทศ

ลำดับที่ ประเภท เลขเรียก/บาร์โค้ด สถานที่ สถานะ
- ไม่พบข้อมูล -

รายการใกล้เคียง
    ผู้แต่ง [คณาจารย์เครือข่ายการศึกษาพยาบาลและการสาธารณสุขภาคใต้ (SC-Net)]

    หัวเรื่อง [กายวิภาคศาสตร์]

BibComment


ยังไม่เคยถูกคอมเมนท์

คอมเมนท์ทรัพยากรรายการนี้
  คอมเมนท์: กายวิภาคศาสตร์ ค..


 Copyright 2026. Bcnsprnw @Library